| 000 | 00452pab a2200157 454500 | ||
|---|---|---|---|
| 008 | 180718b2003 xxu||||| |||| 00| 0 eng d | ||
| 100 | _aUnnithan-Kumar, Maya | ||
| 245 | _aSpirits of the womb: migration, reproductive choice and healing in Rajasthan | ||
| 260 | _c2003 | ||
| 300 | _ap.163-88. | ||
| 362 | _aJan-Aug | ||
| 650 | _aMigration - India - Rajasthan | ||
| 650 | _aMigration | ||
| 773 | _aContributions to Indian Sociology | ||
| 909 | _a57962 | ||
| 999 |
_c57962 _d57962 |
||